Estatísticas para 100 Rios Mais Longos do Brasil em um Mapa

Clique aqui para jogar o quiz

Estatísticas Gerais

  • Esse quiz foi jogado 378 vezes
  • A pontuação média é 24 de 100

Respostas no mapa

Respostas codificadas por cores de uma escala verde-vermelha no mapa do quiz de acordo com a % correta abaixo.
 

Estatísticas das Respostas

Rios% Correto
Rio Amazonas
99%
Rio São Francisco
93%
Rio Paraná
91%
Rio Paranã
91%
Rio Tietê
88%
Rio Negro
85%
Rio Solimões
80%
Rio Uruguai
74%
Rio Tocantins
70%
Rio Araguaia
66%
Rio Paraguai
65%
Rio Grande
63%
Rio Madeira
59%
Rio Iguaçu
56%
Rio Xingu
56%
Rio Branco
52%
Rio Parnaíba
52%
Rio Paraíba do Sul
51%
Rio Doce
49%
Rio Paranapanema
45%
Rio Tapajós
43%
Rio Acre
42%
Rio Purus
37%
Rio Juruá
33%
Rio Pardo
33%
Rio Cuiabá
29%
Rio Guaporé
29%
Rio Maranhão
28%
Rio Jequitinhonha
27%
Rio Paranaíba
27%
Rio Jacuí
26%
Rio Piauí
25%
Rio Jari
23%
Rio Trombetas
22%
Rio das Velhas
21%
Rio Corumbá
19%
Rio das Mortes
19%
Rio Ijuí
19%
Rio Ivaí
17%
Rio Javari
17%
Rio Iriri
15%
Rio Jaguaribe
15%
Rio Abacaxi
14%
Rio Canoas
14%
Rio Japurá
14%
Rio Paraguaçu
14%
Rio de Contas
13%
Rio São Manuel / Teles Pires
13%
Rio Araguari
12%
Rio dos Bois
12%
Rio Poti
12%
Rio Tibagi
12%
Rio das Balsas
11%
Rio Juruena
10%
Rio Taquari
10%
Rio Arinos
9%
Rio Piquiri
9%
Rio Acari
8%
Rio Aquidauana
8%
Rio Ji-Paraná / Machado
8%
Rio Mearim
8%
Rio Tefé
8%
Rio Gurupi
7%
Rio Roosevelt
7%
Rio Aripuanã
6%
Rio Curuçá
6%
Rio São Lourenço
6%
Rio Grajaú
5%
Rio Itapecuru
5%
Rio Itapicuru
5%
Rio Paru do Oeste / Erepecuru / Cuminá
5%
Rio Capim
4%
Rio Curuá
4%
Rio Envira
4%
Rio Jamanxim
4%
Rio Jutaí
4%
Rio Miranda
4%
Rio Pindaré
4%
Rio Uraricoera
4%
Rio Gurguéia
3%
Rio Iaco
3%
Rio Itacaiúnas
3%
Rio Ituí
3%
Rio Uatumã
3%
Rio dos Marmelos
2%
Rio Fresco
2%
Rio Moju
2%
Rio Nhamundá
2%
Rio Tarauacá
2%
Rio Coari Grande
1%
Rio Demini
1%
Rio Jandiatuba
1%
Rio Jatapu
1%
Rio Marié
1%
Rio Pacajá
1%
Rio Pauini
1%
Rio Sucunduri
1%
Rio Tapauá
1%

Distribuição das Pontuações

Percentil de Números Respondidos

Porcentagem de Pessoas com Cada Pontuação

Sua Pontuação Histórica

Você não jogou esse quiz